| 000 | 00342nam a22001337a 4500 | ||
|---|---|---|---|
| 020 | _a978-93-5127-214-4 | ||
| 082 |
_a540 _bOSW/C |
||
| 100 | _aOSWAAL BOOKS | ||
| 245 |
_aCHEMISTRY QUESTION BANK _bCLASS XII |
||
| 260 |
_aAGRA _bOSWAAL BOOKS _c2015 |
||
| 300 | _a264 | ||
| 650 |
_aCHEMISTRY CHAPTERWISE SOLUTIONS FOR CLASS XII _zINDIA |
||
| 942 | _cBK | ||
| 999 |
_c694 _d694 |
||